Estadísticas para Países con animales en sus banderas

Haz click aquí para intentar la prueba.

Estadísticas generales

  • Esta prueba ha sido intentada 415 veces
    (401 desde el último reinicio)
  • La puntuación promedio es 13 de 23

Estadísticas de respuestas

Respuesta% Correcto
Albania
97%
Bután
81%
Ecuador
79%
México
76%
Kazajistán
71%
Egipto
70%
Sri Lanka
70%
Uganda
69%
Papua Nueva Guinea
67%
Montenegro
65%
Serbia
63%
Moldavia
61%
Zambia
60%
Dominica
59%
Fiyi
56%
Zimbabue
53%
Guatemala
52%
Paraguay
37%
Andorra
34%
España
34%
Kiribati
34%
Perú
27%
Croacia
15%

Distribución de puntuación

Porcentaje por número respondido

Porcentaje de gente con cada puntuación

Historial de tus puntuaciones

No has intentado esta prueba desde el último reinicio